[Event "CAN op"]
[Site "Hamilton CAN"]
[Date "2022.07.15"]
[Round "6.22"]
[White "Bluvshtein, Ilia"]
[Black "Russell, Wesley"]
[Result "0-1"]
[WhiteElo "2220"]
[BlackElo "1287"]
[PlyCount "54"]
[EventDate "2022.07.12"]
[EventType "swiss"]
[EventRounds "9"]
[EventCountry "CAN"]

1. e4 c6 2. d4 d5 3. Nc3 dxe4 4. Nxe4 Nf6 5. Nxf6+ exf6 6. c3 Bd6 7. Bd3 O-O 8.
Qc2 Re8+ 9. Ne2 h5 10. Be3 Be6 11. O-O h4 12. h3 Na6 13. Rfe1 Nc7 14. c4 Qd7
15. Nf4 Rad8 16. Rad1 Bxf4 17. Bxf4 g5 18. Bc1 g4 19. Qd2 Kf8 20. hxg4 Qxd4 21.
Qh6+ Ke7 22. Be3 Qxb2 23. Re2 Qb4 24. g5 Kd7 25. Qxf6 Kc8 26. Bxa7 Rxd3 27. Rc1
Qa3 0-1

[Event "CAN op"]
[Site "Hamilton CAN"]
[Date "2022.07.15"]
[Round "6.23"]
[White "Mikhalevski, Victor"]
[Black "Xu, Andrew"]
[Result "1-0"]
[WhiteElo "2629"]
[BlackElo "1939"]
[PlyCount "73"]
[EventDate "2022.07.12"]
[EventType "swiss"]
[EventRounds "9"]
[EventCountry "CAN"]

1. Nf3 Nf6 2. c4 g6 3. Nc3 d5 4. cxd5 Nxd5 5. h4 h5 6. e4 Nxc3 7. dxc3 Qxd1+ 8.
Kxd1 Bg4 9. Kc2 Nc6 10. Bb5 Bd7 11. a4 Bg7 12. Bf4 e5 13. Be3 O-O-O 14. Ng5
Rde8 15. Nxf7 Rhf8 16. Ng5 Bh6 17. f3 a6 18. Be2 Nd8 19. Rhd1 Bxg5 20. Bxg5 Ne6
21. Bh6 Rh8 22. Be3 Rhf8 23. b4 Nf4 24. Bf1 Rf6 25. b5 a5 26. Rd2 b6 27. Rad1
Rf7 28. c4 c5 29. Bxf4 exf4 30. Rd6 Kc7 31. Rxg6 Re6 32. Rg5 Rh6 33. Rdd5 Rfh7
34. Bd3 Be6 35. e5 Bxd5 36. cxd5 Re7 37. d6+ 1-0

[Event "CAN op"]
[Site "Hamilton CAN"]
[Date "2022.07.15"]
[Round "6.24"]
[White "Li, Adam"]
[Black "Preotu, Razvan"]
[Result "0-1"]
[WhiteElo "1942"]
[BlackElo "2608"]
[PlyCount "82"]
[EventDate "2022.07.12"]
[EventType "swiss"]
[EventRounds "9"]
[EventCountry "CAN"]

1. e4 c5 2. Nf3 d6 3. c3 Nf6 4. Bd3 Bg4 5. h3 Bh5 6. O-O Nc6 7. Re1 e6 8. Bb5
d5 9. e5 Nd7 10. d3 Qc7 11. Bf4 Be7 12. Nbd2 a6 13. Bxc6 Qxc6 14. a4 g5 15. Bg3
Bg6 16. Nf1 h5 17. h4 g4 18. N3h2 Qb6 19. Qd2 Qd8 20. d4 c4 21. f3 Bxh4 22.
fxg4 hxg4 23. Nxg4 Bxg3 24. Nxg3 Qh4 25. Qf4 O-O-O 26. Ne2 Rdg8 27. Nf6 Nxf6
28. Qxh4 Rxh4 29. exf6 Be4 30. g3 Rh1+ 31. Kf2 Rh2+ 32. Ke3 Bd3 33. Kf3 Rg6 34.
g4 Rxf6+ 35. Nf4 Be4+ 36. Kg3 Rxb2 37. Rf1 Rh6 38. Nh5 f5 39. Kh4 Rg6 40. Rg1
Rh2+ 41. Kg3 Rxh5 0-1

[Event "CAN op"]
[Site "Hamilton CAN"]
[Date "2022.07.15"]
[Round "6.25"]
[White "Colvin, Andrew"]
[Black "Saha, Ananda"]
[Result "1/2-1/2"]
[WhiteElo "1937"]
[BlackElo "2240"]
[PlyCount "89"]
[EventDate "2022.07.12"]
[EventType "swiss"]
[EventRounds "9"]
[EventCountry "CAN"]

1. d4 d5 2. c4 c6 3. Nf3 Nf6 4. e3 e6 5. Bd3 Nbd7 6. b3 Ne4 7. O-O f5 8. Ba3
Bxa3 9. Nxa3 O-O 10. Nc2 g5 11. Nfe1 Ndf6 12. f3 Nd6 13. Qe2 Qe7 14. c5 Nf7 15.
e4 f4 16. e5 Nh5 17. b4 a6 18. a4 Bd7 19. Na3 b5 20. Nb1 Nh6 21. Nd2 Ng7 22.
Nc2 Nhf5 23. axb5 axb5 24. Nb3 Qf7 25. Rxa8 Rxa8 26. Ra1 Rxa1+ 27. Nbxa1 Be8
28. Nb3 Qh5 29. Na5 Ne7 30. Nb7 Bg6 31. Nd6 Bf5 32. Ne1 Qg6 33. Qa2 h5 34. Qa8+
Kh7 35. Be2 g4 36. Qf8 Ng8 37. Qf7 Qxf7 38. Nxf7 Kg6 39. Nd8 Ne7 40. Nd3 gxf3
41. gxf3 Kg5 42. Nf7+ Kg6 43. Nd8 Kg5 44. Nf7+ Kg6 45. Nd8 1/2-1/2

[Event "CAN op"]
[Site "Hamilton CAN"]
[Date "2022.07.15"]
[Round "6.26"]
[White "Liu, Zachary"]
[Black "Buscar, Michael"]
[Result "1-0"]
[WhiteElo "1891"]
[BlackElo "2223"]
[PlyCount "83"]
[EventDate "2022.07.12"]
[EventType "swiss"]
[EventRounds "9"]
[EventCountry "CAN"]

1. e4 c5 2. Nf3 Nc6 3. d4 cxd4 4. Nxd4 Nf6 5. Nc3 e5 6. Ndb5 d6 7. Nd5 Nxd5 8.
exd5 Nb8 9. Qf3 a6 10. Qa3 Be7 11. Bg5 f6 12. Bd2 a5 13. Qc3 Na6 14. Qxa5 b6
15. Qa3 Bb7 16. c4 O-O 17. Qh3 Bc8 18. Qc3 Nc5 19. Qc2 g6 20. b4 Bf5 21. Qb2
Nd3+ 22. Bxd3 Bxd3 23. Qb3 Bf5 24. c5 Bc8 25. a4 Ba6 26. O-O Rf7 27. c6 Bf8 28.
Be3 Qb8 29. Nc3 Bxf1 30. Kxf1 Rfa7 31. a5 Ra6 32. Qc4 Be7 33. c7 Qb7 34. Rb1
Rc8 35. axb6 Rxb6 36. Bxb6 Qxb6 37. Nb5 Kg7 38. Rc1 Qa6 39. Qc6 Qa4 40. Qd7 Kh6
41. Qxc8 Qxb5+ 42. Kg1 1-0

[Event "CAN op"]
[Site "Hamilton CAN"]
[Date "2022.07.15"]
[Round "6.27"]
[White "Joseph Benher, Savio"]
[Black "Belanger, Colton"]
[Result "1-0"]
[WhiteElo "2213"]
[BlackElo "1725"]
[PlyCount "71"]
[EventDate "2022.07.12"]
[EventType "swiss"]
[EventRounds "9"]
[EventCountry "CAN"]

1. e4 d6 2. d4 Nf6 3. Nc3 Nbd7 4. Nf3 e5 5. Bc4 Be7 6. O-O c6 7. a4 Qc7 8. a5
h6 9. Re1 Nf8 10. Nh4 Bg4 11. f3 Bc8 12. Nf5 Bxf5 13. exf5 N8d7 14. d5 O-O 15.
Be3 a6 16. Qd2 Kh7 17. Kh1 Qd8 18. Red1 Ne8 19. Ne4 cxd5 20. Bxd5 Qc7 21. Qb4
Nef6 22. Qxb7 Nxd5 23. Qxd5 Nf6 24. Nxf6+ gxf6 25. c3 Rab8 26. Bb6 Qd7 27. g4
Rbc8 28. c4 Qc6 29. b3 Qxd5 30. Rxd5 Rc6 31. Rad1 Rfc8 32. c5 Kg7 33. cxd6 Bd8
34. d7 Rb8 35. Bxd8 Rxd8 36. Rd6 1-0

[Event "CAN op"]
[Site "Hamilton CAN"]
[Date "2022.07.15"]
[Round "6.28"]
[White "Chhatralia, Bhavik"]
[Black "Manley, Jason"]
[Result "0-1"]
[WhiteElo "1683"]
[BlackElo "2210"]
[PlyCount "84"]
[EventDate "2022.07.12"]
[EventType "swiss"]
[EventRounds "9"]
[EventCountry "CAN"]

1. e4 e6 2. Nf3 d5 3. exd5 exd5 4. d4 Bd6 5. Nc3 c6 6. h3 Bf5 7. Bd3 Qe7+ 8.
Be3 Bxd3 9. Qxd3 Nd7 10. O-O O-O-O 11. Rfe1 Qf8 12. Ne5 Ne7 13. Bf4 Nb6 14. Bh2
f5 15. a4 g5 16. a5 Na8 17. a6 b6 18. Na4 f4 19. Qc3 Qe8 20. b4 Nc7 21. Ng4 Nb5
22. Qd3 Qg6 23. Qd2 Kb8 24. Re2 Nf5 25. c3 Rhe8 26. Rae1 Bc7 27. Qd3 Ng3 28.
Qxg6 Nxe2+ 29. Rxe2 hxg6 30. Ne5 Bxe5 31. dxe5 d4 32. c4 d3 33. Rd2 Rxe5 34. g3
Re2 35. Rd1 d2 36. cxb5 Re1+ 37. Kg2 Rxd1 38. gxf4 cxb5 39. Nc3 Ra1 40. f5+ Kc8
41. Nxb5 d1=Q 42. Nxa7+ Kd7 0-1

[Event "CAN op"]
[Site "Hamilton CAN"]
[Date "2022.07.15"]
[Round "6.29"]
[White "Rosenberg, Evan"]
[Black "Young, Alex"]
[Result "1-0"]
[WhiteElo "2205"]
[BlackElo "1713"]
[PlyCount "63"]
[EventDate "2022.07.12"]
[EventType "swiss"]
[EventRounds "9"]
[EventCountry "CAN"]

1. e4 c6 2. d4 d5 3. e5 Bf5 4. h4 h5 5. Bg5 Qa5+ 6. c3 e6 7. Nd2 c5 8. Nb3 Qb6
9. dxc5 Bxc5 10. Nxc5 Qxc5 11. Qb3 Qc7 12. Bb5+ Nc6 13. Nf3 Nge7 14. Bxe7 Kxe7
15. Qa3+ Kd7 16. O-O a6 17. Bxc6+ bxc6 18. c4 f6 19. cxd5 exd5 20. Rfe1 Be4 21.
e6+ Kxe6 22. Nd4+ Kf7 23. Rac1 Qb6 24. Nxc6 Rhe8 25. Qd6 Re6 26. Qd7+ Kg6 27.
Qxe6 Qxb2 28. Ne7+ Kh7 29. Nxd5 f5 30. Nf4 Rd8 31. Qg6+ Kg8 32. Ne6 1-0

[Event "CAN op"]
[Site "Hamilton CAN"]
[Date "2022.07.15"]
[Round "6.30"]
[White "Malakhovets, Sergey"]
[Black "Garel, Rick"]
[Result "1-0"]
[WhiteElo "2204"]
[BlackElo "1688"]
[PlyCount "97"]
[EventDate "2022.07.12"]
[EventType "swiss"]
[EventRounds "9"]
[EventCountry "CAN"]

1. d4 d5 2. Nf3 Nf6 3. Bf4 e6 4. e3 Be7 5. Ne5 O-O 6. Nd2 Nbd7 7. Bd3 c5 8. c3
Qb6 9. Rb1 cxd4 10. exd4 Re8 11. O-O Nf8 12. Re1 Ng6 13. Bg3 Bd7 14. h4 Bb5 15.
Bc2 Nd7 16. Ndf3 Ngxe5 17. dxe5 f5 18. exf6 Bxf6 19. Ne5 Nf8 20. Qh5 Re7 21.
Rbd1 Be8 22. Qe2 Bxe5 23. Bxe5 Bg6 24. h5 Bxc2 25. Qxc2 Rf7 26. Qe2 Re8 27. Rd4
Nd7 28. Bg3 Nf6 29. Rb4 Qc6 30. Be5 Nd7 31. Rd4 Rf5 32. Bg3 e5 33. Qd3 e4 34.
Qd1 Nf6 35. h6 g6 36. Bh4 g5 37. Bg3 Rf8 38. c4 dxc4 39. Qe2 b5 40. Red1 Qb7
41. a4 a6 42. Rd6 Re8 43. Qe3 bxa4 44. Qc3 Qe7 45. Qxc4+ Kh8 46. Qd4 e3 47.
fxe3 Qxe3+ 48. Qxe3 Rxe3 49. Rxf6 1-0

[Event "CAN op"]
[Site "Hamilton CAN"]
[Date "2022.07.15"]
[Round "6.31"]
[White "Eiserloh, Clement"]
[Black "Moura, Eduardo"]
[Result "0-1"]
[WhiteElo "1678"]
[BlackElo "2194"]
[PlyCount "150"]
[EventDate "2022.07.12"]
[EventType "swiss"]
[EventRounds "9"]
[EventCountry "CAN"]

1. e4 c5 2. Nf3 g6 3. d4 cxd4 4. Nxd4 Bg7 5. c4 Nc6 6. Be3 Nf6 7. Nc3 d6 8. Be2
O-O 9. O-O Bd7 10. Rc1 Nxd4 11. Bxd4 Bc6 12. Bf3 Nd7 13. Bxg7 Kxg7 14. Qe2 a5
15. g3 a4 16. Bg2 Qa5 17. f4 Rad8 18. Rfe1 e5 19. Rf1 f6 20. Kh1 Nc5 21. f5 g5
22. Rfd1 Rd7 23. h4 gxh4 24. gxh4 Kh8 25. Bf3 Rg8 26. Rg1 Rdg7 27. Rxg7 Rxg7
28. Rd1 a3 29. Kh2 Qb4 30. Qd2 Qxb2 31. Qxb2 axb2 32. Rb1 Nd3 33. Be2 Nf4 34.
Bf3 Nd3 35. Be2 Nc5 36. Bf3 Na4 37. Nxa4 Bxa4 38. Rxb2 Rc7 39. Be2 Kg7 40. Rd2
Rc6 41. Rb2 Rc7 42. Rd2 Bc6 43. Bf3 Be8 44. Rb2 Bf7 45. Be2 Bxc4 46. Bxc4 Rxc4
47. Rxb7+ Kh6 48. Rf7 Rxe4 49. Rxf6+ Kg7 50. Rxd6 Rxh4+ 51. Kg3 Rf4 52. Rd7+
Kh6 53. Rf7 Ra4 54. Re7 Ra3+ 55. Kg4 Rxa2 56. Kg3 Kg5 57. Rxh7 Ra3+ 58. Kf2
Ra2+ 59. Ke3 Ra3+ 60. Ke2 Kxf5 61. Rf7+ Ke4 62. Re7 Ra2+ 63. Ke1 Kd4 64. Rb7 e4
65. Rb4+ Ke3 66. Rb3+ Kf4 67. Rb8 Kf3 68. Rf8+ Ke3 69. Kd1 Ra1+ 70. Kc2 Ke2 71.
Rh8 e3 72. Rh2+ Kf3 73. Rh3+ Kf2 74. Kd3 Rd1+ 75. Kc2 e2 0-1

[Event "CAN op"]
[Site "Hamilton CAN"]
[Date "2022.07.15"]
[Round "6.32"]
[White "Moses, Neil"]
[Black "Lin, Leo"]
[Result "0-1"]
[WhiteElo "1578"]
[BlackElo "2189"]
[PlyCount "98"]
[EventDate "2022.07.12"]
[EventType "swiss"]
[EventRounds "9"]
[EventCountry "CAN"]

1. e4 c5 2. Nf3 d6 3. d4 cxd4 4. Nxd4 Nf6 5. Nc3 a6 6. h3 e5 7. Nf3 h6 8. Be3
Be6 9. Bd3 Be7 10. Qe2 Nbd7 11. Bc4 Bxc4 12. Qxc4 Rc8 13. Qb3 b5 14. Rd1 Qc7
15. Nh4 b4 16. Qxb4 d5 17. Qa4 d4 18. Nf5 dxe3 19. Nd5 exf2+ 20. Kf1 Nxd5 21.
Rxd5 Qc4+ 22. Qxc4 Rxc4 23. Nxg7+ Kf8 24. Rxd7 Kxg7 25. Kxf2 Rxc2+ 26. Kf3 Bc5
27. Rf1 Re8 28. g4 Re6 29. Kg3 Rf6 30. Rxf6 Kxf6 31. Rb7 Bd4 32. a4 Rxb2 33.
Rc7 a5 34. Rc6+ Kg7 35. Ra6 Bc3 36. Rc6 Bb4 37. Rc8 Ra2 38. Re8 Rxa4 39. Kh4
Be1+ 40. Kh5 Ra3 41. g5 Rxh3+ 42. Kg4 Rg3+ 43. Kh4 hxg5+ 44. Kh5 Rh3+ 45. Kg4
Rh4+ 46. Kxg5 f6+ 47. Kf5 Kf7 48. Rf8+ Kxf8 49. Kxf6 Rxe4 0-1

[Event "CAN op"]
[Site "Hamilton CAN"]
[Date "2022.07.15"]
[Round "6.33"]
[White "Dorn, Paris"]
[Black "Zhu, Charis"]
[Result "0-1"]
[WhiteElo "2175"]
[BlackElo "1640"]
[PlyCount "68"]
[EventDate "2022.07.12"]
[EventType "swiss"]
[EventRounds "9"]
[EventCountry "CAN"]

1. e4 e5 2. Nf3 Nc6 3. Bc4 Bc5 4. O-O Nf6 5. d4 Bxd4 6. Nxd4 Nxd4 7. Bg5 h6 8.
Bh4 g5 9. f4 d5 10. exd5 Nxd5 11. fxe5 Be6 12. Qxd4 gxh4 13. Qf2 h3 14. Nc3
hxg2 15. Rfd1 c6 16. Ne4 Qb6 17. Bxd5 Qxf2+ 18. Kxf2 cxd5 19. Nf6+ Ke7 20.
Nxd5+ Bxd5 21. Rxd5 Rad8 22. Rad1 Rxd5 23. Rxd5 Rg8 24. Kg1 Ke6 25. Rb5 b6 26.
a4 Rg5 27. c4 Rxe5 28. Kxg2 Rxb5 29. axb5 Ke5 30. Kf3 Kd4 31. Kf4 Kxc4 32. h4
Kxb5 33. Kg4 Kb4 34. Kh5 f5 0-1

[Event "CAN op"]
[Site "Hamilton CAN"]
[Date "2022.07.15"]
[Round "6.34"]
[White "Dick, Joel"]
[Black "Li, Eric"]
[Result "0-1"]
[WhiteElo "1499"]
[BlackElo "2165"]
[PlyCount "74"]
[EventDate "2022.07.12"]
[EventType "swiss"]
[EventRounds "9"]
[EventCountry "CAN"]

1. e4 c5 2. Nf3 Nc6 3. d4 cxd4 4. Nxd4 Nf6 5. Nc3 e5 6. Ndb5 d6 7. Bg5 a6 8.
Na3 b5 9. Nd5 Be7 10. Bxf6 Bxf6 11. c4 b4 12. Nc2 O-O 13. Qf3 Bg5 14. h4 Bh6
15. g4 f6 16. Rd1 a5 17. b3 Be6 18. c5 Nd4 19. Nxd4 exd4 20. c6 Rc8 21. c7 Qe8
22. Ba6 Bxd5 23. Bxc8 Bxe4 24. Qe2 d3 25. Rxd3 Qxc8 26. Rxd6 Qxc7 27. Qxe4 Qxd6
28. g5 fxg5 29. hxg5 Bxg5 30. Qxh7+ Kf7 31. Qh5+ Qg6 32. Qf3+ Kg8 33. Qd5+ Qf7
34. Qg2 Qf3 35. Qh2 Bh6 36. Rg1 Rd8 37. Rxg7+ Bxg7 0-1

[Event "CAN op"]
[Site "Hamilton CAN"]
[Date "2022.07.15"]
[Round "6.35"]
[White "Mills, Morgen"]
[Black "Parchizadeh, Ashkan"]
[Result "1-0"]
[WhiteElo "2136"]
[BlackElo "1608"]
[PlyCount "61"]
[EventDate "2022.07.12"]
[EventType "swiss"]
[EventRounds "9"]
[EventCountry "CAN"]

1. e4 e6 2. d4 d5 3. Nc3 Nf6 4. Bg5 Bb4 5. e5 h6 6. Bd2 Bxc3 7. bxc3 Ne4 8. Qg4
Kf8 9. Nf3 c5 10. Bd3 Nxd2 11. Nxd2 c4 12. Be2 Qa5 13. Qg3 Nc6 14. Qe3 b5 15.
f4 Ne7 16. Nf1 Nf5 17. Qd2 Rb8 18. g4 Nh4 19. Ng3 b4 20. O-O bxc3 21. Qe1 Rb2
22. Bd1 Ke7 23. Nh5 g5 24. fxg5 hxg5 25. Qf2 f5 26. exf6+ Kf7 27. Qe3 Kg6 28.
Qe5 Kf7 29. Qxg5 Ng6 30. Nf4 Rg8 31. Qh5 1-0

[Event "CAN op"]
[Site "Hamilton CAN"]
[Date "2022.07.15"]
[Round "6.36"]
[White "Suresh, Pavan"]
[Black "Xu, Daniel"]
[Result "0-1"]
[WhiteElo "1413"]
[BlackElo "2128"]
[PlyCount "44"]
[EventDate "2022.07.12"]
[EventType "swiss"]
[EventRounds "9"]
[EventCountry "CAN"]

1. d4 Nf6 2. c4 g6 3. Nc3 Bg7 4. e4 d6 5. Nf3 O-O 6. Be2 e5 7. dxe5 dxe5 8.
Qxd8 Rxd8 9. Nxe5 Nxe4 10. Nxe4 Bxe5 11. Bg5 Re8 12. Nf6+ Bxf6 13. Bxf6 Bf5 14.
Rd1 Nc6 15. Rd2 Nb4 16. a3 Nd3+ 17. Kf1 Nf4 18. g4 Rxe2 19. Rd4 Be4 20. Rg1 Re8
21. Rd8 Bg2+ 22. Rxg2 Re1# 0-1

[Event "CAN op"]
[Site "Hamilton CAN"]
[Date "2022.07.15"]
[Round "6.37"]
[White "Ajith, Aayush"]
[Black "Chychkevych, Bohdan"]
[Result "0-1"]
[WhiteElo "2122"]
[BlackElo "1580"]
[PlyCount "100"]
[EventDate "2022.07.12"]
[EventType "swiss"]
[EventRounds "9"]
[EventCountry "CAN"]

1. d4 Nf6 2. c4 g6 3. Nc3 d5 4. cxd5 Nxd5 5. e4 Nxc3 6. bxc3 Bg7 7. Bc4 c5 8.
Ne2 O-O 9. Be3 Nc6 10. O-O Qc7 11. Rc1 b6 12. Qd2 Rd8 13. Rfd1 Bb7 14. f4 e6
15. Qe1 Rac8 16. Qf2 Na5 17. Bd3 cxd4 18. cxd4 Qd7 19. Rxc8 Rxc8 20. Rf1 Nc4
21. Rc1 Nxe3 22. Rxc8+ Bxc8 23. Qxe3 Qa4 24. d5 exd5 25. exd5 Bf8 26. Qd2 Bb7
27. h3 Bxd5 28. Bxg6 Qxa2 29. Qxa2 Bxa2 30. Bd3 Bg7 31. Kf2 a5 32. Ke3 a4 33.
Nd4 Bd5 34. Nb5 Bb2 35. Kd2 Bxg2 36. h4 Bd5 37. Kc2 Bf6 38. h5 h6 39. Be2 Be4+
40. Kc1 Kf8 41. Bd1 Ke7 42. Bxa4 Bf3 43. Bd1 Bxd1 44. Kxd1 Ke6 45. Ke2 Bb2 46.
Nc7+ Kd6 47. Nb5+ Kc5 48. Na7 b5 49. Kd3 Ba3 50. Kc3 Kb6 0-1

[Event "CAN op"]
[Site "Hamilton CAN"]
[Date "2022.07.15"]
[Round "6.38"]
[White "Mendes, Aaron Reeve"]
[Black "Qian, Jessica"]
[Result "1-0"]
[WhiteElo "2106"]
[BlackElo "1532"]
[PlyCount "123"]
[EventDate "2022.07.12"]
[EventType "swiss"]
[EventRounds "9"]
[EventCountry "CAN"]

1. e4 e5 2. Nf3 Nc6 3. d4 exd4 4. Nxd4 Nf6 5. Nxc6 bxc6 6. e5 Qe7 7. Qe2 Nd5 8.
c4 Nb6 9. b3 a5 10. Ba3 d6 11. exd6 Qxe2+ 12. Bxe2 cxd6 13. O-O Be7 14. Bf3 Bb7
15. Re1 Kd8 16. Nd2 Re8 17. Bb2 g6 18. Rad1 Kc7 19. c5 dxc5 20. Be5+ Bd6 21.
Bxd6+ Kxd6 22. Ne4+ Kc7 23. Nxc5 Rad8 24. Rxe8 Rxe8 25. Kf1 Re5 26. Nxb7 Kxb7
27. Rd6 Rc5 28. Rf6 Rf5 29. Bxc6+ Kc7 30. Rxf5 gxf5 31. Be8 f6 32. Ke2 Kd6 33.
Bf7 Ke7 34. Bg8 h6 35. Ke3 Nc8 36. Kf4 Nd6 37. f3 Kd7 38. Bh7 Ke6 39. Bg6 Kd5
40. Bxf5 Kd4 41. Be6 Kd3 42. g4 Ke2 43. a4 Kd3 44. h4 Ke2 45. Bd5 Kd3 46. g5
fxg5+ 47. hxg5 hxg5+ 48. Kxg5 Kd4 49. Bg8 Nb7 50. f4 Nc5 51. f5 Ke5 52. Kg6 Ne4
53. Bc4 Nf6 54. b4 axb4 55. a5 Nd7 56. a6 Nb6 57. a7 Kd4 58. Ba2 Kc3 59. f6 Kb2
60. Be6 Kc2 61. f7 b3 62. Bxb3+ 1-0

[Event "CAN op"]
[Site "Hamilton CAN"]
[Date "2022.07.15"]
[Round "6.39"]
[White "Ruelland, Geoffrey"]
[Black "Hossain, Azher"]
[Result "1/2-1/2"]
[WhiteElo "2086"]
[BlackElo "1424"]
[PlyCount "81"]
[EventDate "2022.07.12"]
[EventType "swiss"]
[EventRounds "9"]
[EventCountry "CAN"]

1. d4 d5 2. c4 dxc4 3. e4 Nc6 4. Nf3 Bg4 5. Be3 Bxf3 6. gxf3 e6 7. Bxc4 Qf6 8.
Bb5 Bb4+ 9. Nc3 Nge7 10. Qe2 O-O-O 11. e5 Qh4 12. O-O-O Ba5 13. f4 Nb4 14. Rhg1
Nf5 15. d5 Nxd5 16. Nxd5 exd5 17. Bd3 Nxe3 18. fxe3 g6 19. Bc2 Bb6 20. Rd3 Qe7
21. Rgd1 c6 22. a3 Kb8 23. Kb1 f6 24. e4 dxe4 25. Rxd8+ Rxd8 26. Rxd8+ Bxd8 27.
exf6 Qxf6 28. Qxe4 a6 29. f5 gxf5 30. Qxf5 h6 31. Qxf6 Bxf6 32. Bf5 Kc7 33. a4
a5 34. b3 Kd6 35. Kc2 Kc5 36. h3 b5 37. axb5 cxb5 38. Kb1 Kd4 39. Ka2 Kc3 40.
Be6 Kc2 41. Bg8 1/2-1/2

[Event "CAN op"]
[Site "Hamilton CAN"]
[Date "2022.07.15"]
[Round "6.40"]
[White "Jiang, William"]
[Black "England, Max"]
[Result "0-1"]
[WhiteElo "1380"]
[BlackElo "2084"]
[PlyCount "100"]
[EventDate "2022.07.12"]
[EventType "swiss"]
[EventRounds "9"]
[EventCountry "CAN"]

1. e4 e5 2. Nf3 Nc6 3. Bc4 Bc5 4. O-O d6 5. d3 Nf6 6. Nc3 Bg4 7. Be3 Bb6 8. Na4
Ne7 9. Nxb6 axb6 10. d4 Ng6 11. h3 Bd7 12. dxe5 dxe5 13. Re1 h6 14. Bd2 O-O 15.
Bc3 Qe7 16. Qd2 Rfd8 17. Qe3 b5 18. Bb3 Bc6 19. a3 Nxe4 20. Bb4 Qf6 21. Nxe5
Nxe5 22. f3 Nxf3+ 23. Qxf3 Qxf3 24. gxf3 Ng5 25. Re7 Rd7 26. Rxd7 Bxd7 27. Bd5
c6 28. Be4 Bxh3 29. Re1 f5 30. Bd3 Nxf3+ 31. Kf2 Nxe1 32. Bxe1 Re8 33. Bc3 Kf7
34. Bd4 g5 35. Kg3 Bg4 36. b3 Kg6 37. a4 bxa4 38. bxa4 Be2 39. Bb6 Bxd3 40.
cxd3 f4+ 41. Kg4 h5+ 42. Kf3 Kf5 43. a5 g4+ 44. Kg2 Re2+ 45. Kf1 f3 46. Bd8 g3
47. Bc7 g2+ 48. Kg1 Re1+ 49. Kf2 g1=Q+ 50. Kxf3 Re3# 0-1

[Event "CAN op"]
[Site "Hamilton CAN"]
[Date "2022.07.15"]
[Round "6.41"]
[White "Zhang, James"]
[Black "Zhao, Jeffrey Renfei"]
[Result "0-1"]
[WhiteElo "1362"]
[BlackElo "2020"]
[PlyCount "56"]
[EventDate "2022.07.12"]
[EventType "swiss"]
[EventRounds "9"]
[EventCountry "CAN"]

1. e4 e5 2. Nf3 Nc6 3. d4 exd4 4. Nxd4 Bc5 5. Nb3 Bb6 6. Nc3 d6 7. Qe2 Be6 8.
Be3 Nf6 9. O-O-O Qe7 10. f3 O-O-O 11. Kb1 Rhe8 12. Qd2 d5 13. exd5 Bxd5 14.
Bxb6 Bxb3 15. Qc1 Bxc2+ 16. Qxc2 Rxd1+ 17. Qxd1 axb6 18. Bb5 Qc5 19. Qd2 Rd8
20. Qe1 Nd4 21. Ba4 b5 22. Bd1 Qf5+ 23. Ka1 b4 24. Ne2 Nc2+ 25. Bxc2 Qxc2 26.
Ng3 Rd2 27. Qb1 Qxb1+ 28. Kxb1 Rxg2 0-1

[Event "CAN op"]
[Site "Hamilton CAN"]
[Date "2022.07.15"]
[Round "6.43"]
[White "Kim, Noah"]
[Black "Buchatsky, Joseph"]
[Result "1-0"]
[WhiteElo "2000"]
[BlackElo "1256"]
[PlyCount "71"]
[EventDate "2022.07.12"]
[EventType "swiss"]
[EventRounds "9"]
[EventCountry "CAN"]

1. d4 d5 2. Nf3 c5 3. c4 cxd4 4. cxd5 Qxd5 5. Nc3 Qa5 6. Nxd4 e5 7. Nb3 Qd8 8.
Qxd8+ Kxd8 9. e4 Bb4 10. Be3 Bxc3+ 11. bxc3 Nf6 12. O-O-O+ Nbd7 13. f3 Ke7 14.
Rd2 b6 15. Be2 Bb7 16. Rhd1 Rac8 17. Kb2 Rc7 18. g4 Bc6 19. c4 Rhc8 20. c5 b5
21. Ka3 a6 22. g5 Ne8 23. Na5 Nb8 24. Bf1 Rd7 25. Rxd7+ Bxd7 26. c6 Nxc6 27.
Bc5+ Kd8 28. Nxc6+ Rxc6 29. Bh3 Rc7 30. Bb6 Kc8 31. Bxc7 Bxh3 32. Bxe5 g6 33.
Kb4 Bg2 34. Rd3 a5+ 35. Kxa5 Nc7 36. Rc3 1-0

[Event "CAN op"]
[Site "Hamilton CAN"]
[Date "2022.07.15"]
[Round "6.44"]
[White "Dennahower, Michael"]
[Black "Chen, Rachel Ruoxuan"]
[Result "0-1"]
[WhiteElo "1281"]
[BlackElo "1988"]
[PlyCount "46"]
[EventDate "2022.07.12"]
[EventType "swiss"]
[EventRounds "9"]
[EventCountry "CAN"]

1. e4 e5 2. Nf3 Nc6 3. d4 exd4 4. Nxd4 Nf6 5. Nc3 Bb4 6. Nxc6 bxc6 7. Bd3 O-O
8. O-O d5 9. exd5 cxd5 10. Bg5 c6 11. Qf3 Bd6 12. Rfe1 Rb8 13. h4 Rxb2 14. Bf5
Bxf5 15. Qxf5 h6 16. Re3 hxg5 17. hxg5 Qd7 18. g4 Qxf5 19. gxf5 Ng4 20. Rh3
Rxc2 21. Nd1 Re8 22. Ne3 Nxe3 23. fxe3 Bc5 0-1

[Event "CAN op"]
[Site "Hamilton CAN"]
[Date "2022.07.15"]
[Round "6.45"]
[White "Su, Ethan"]
[Black "Zhu, Isabelle"]
[Result "1-0"]
[WhiteElo "1987"]
[BlackElo "1179"]
[PlyCount "63"]
[EventDate "2022.07.12"]
[EventType "swiss"]
[EventRounds "9"]
[EventCountry "CAN"]

1. d4 Nf6 2. c4 g6 3. Nf3 d5 4. cxd5 Nxd5 5. e4 Nb6 6. Nc3 Bg7 7. Be3 O-O 8. g3
Bg4 9. Bg2 c5 10. d5 N8d7 11. h3 Bxf3 12. Qxf3 Nc4 13. Qe2 Nxe3 14. Qxe3 Qa5
15. O-O Rac8 16. Kh2 b5 17. Qd2 c4 18. a3 Nc5 19. Qc2 Nd3 20. f4 Bd4 21. Rfd1
Qb6 22. Rd2 Bf2 23. Rf1 Be3 24. Re2 h5 25. d6 exd6 26. Nd5 Qd4 27. Nxe3 h4 28.
Nd5 Kh7 29. g4 a5 30. Qc3 Qxc3 31. bxc3 Rb8 32. Nf6+ 1-0

[Event "CAN op"]
[Site "Hamilton CAN"]
[Date "2022.07.15"]
[Round "6.46"]
[White "Wiraszka, Michal"]
[Black "Guo, Veronica (Yu Han)"]
[Result "0-1"]
[WhiteElo "957"]
[BlackElo "1984"]
[PlyCount "90"]
[EventDate "2022.07.12"]
[EventType "swiss"]
[EventRounds "9"]
[EventCountry "CAN"]

1. d4 d5 2. Bf4 e6 3. Nd2 Bd6 4. Bg3 Nf6 5. e3 c5 6. c3 Qc7 7. Ngf3 Nbd7 8. Bd3
O-O 9. Qc2 e5 10. dxe5 Nxe5 11. Nxe5 Bxe5 12. Bxe5 Qxe5 13. Nf3 Qc7 14. h3 Re8
15. O-O h6 16. a4 Ne4 17. Rfd1 Bf5 18. Nh4 Bh7 19. Qe2 Rad8 20. a5 Kh8 21. Ra4
Re6 22. Nf3 Qe7 23. Nd2 Ng3 24. Qf3 Bxd3 25. Qxg3 Bc2 26. Rda1 Bxa4 27. Rxa4
Rg6 28. Qf3 Rdd6 29. Rf4 Rgf6 30. e4 Rxf4 31. Qxf4 dxe4 32. Nc4 Rg6 33. Ne5 Rf6
34. Qxe4 Kg8 35. f4 Rd6 36. Qf5 Qe6 37. Qh5 f6 38. Ng6 Qe3+ 39. Kh2 Rd3 40. Qg4
f5 41. Qh4 Rd1 42. Ne7+ Kh7 43. Nxf5 Qg1+ 44. Kg3 Rd3+ 45. Kg4 Qd1# 0-1

[Event "CAN op"]
[Site "Hamilton CAN"]
[Date "2022.07.15"]
[Round "6.49"]
[White "Zhong, Kevin"]
[Black "Zhang, Michelle"]
[Result "1-0"]
[WhiteElo "2276"]
[BlackElo "1756"]
[PlyCount "55"]
[EventDate "2022.07.12"]
[EventType "swiss"]
[EventRounds "9"]
[EventCountry "CAN"]

1. e4 e6 2. Nf3 d5 3. Nc3 dxe4 4. Nxe4 Nd7 5. d4 Ngf6 6. Nxf6+ Nxf6 7. Bd3 Be7
8. O-O O-O 9. Ne5 c5 10. dxc5 Bxc5 11. Bg5 Be7 12. Qf3 Nd7 13. Nxd7 Qxd7 14.
Rad1 Qc7 15. Bf4 e5 16. Qe4 f5 17. Qc4+ Qxc4 18. Bxc4+ Kh8 19. Bxe5 f4 20. Rfe1
Bc5 21. Rd5 b6 22. Bc3 Bf5 23. b4 Bxc2 24. bxc5 bxc5 25. Rd7 Rg8 26. Bxg8 Rxg8
27. Rxg7 Rxg7 28. Re8# 1-0

[Event "CAN op"]
[Site "Hamilton CAN"]
[Date "2022.07.15"]
[Round "6.50"]
[White "Campbell, Brett"]
[Black "Qian, Eric"]
[Result "1/2-1/2"]
[WhiteElo "2189"]
[BlackElo "1753"]
[PlyCount "71"]
[EventDate "2022.07.12"]
[EventType "swiss"]
[EventRounds "9"]
[EventCountry "CAN"]

1. c4 e6 2. d4 d5 3. Nc3 Nf6 4. Nf3 Be7 5. Bg5 h6 6. Bh4 O-O 7. e3 b6 8. Bd3
Bb7 9. Qc2 c5 10. cxd5 Nxd5 11. Bxe7 Qxe7 12. Nxd5 exd5 13. O-O Nc6 14. Bb5 c4
15. Bxc6 Bxc6 16. Rfe1 b5 17. Ne5 Bb7 18. f3 Rfd8 19. Rad1 Rd6 20. e4 Re6 21.
Qf2 Re8 22. Ng4 f5 23. Ne5 dxe4 24. f4 Bd5 25. h4 h5 26. Re3 g6 27. a3 Kh7 28.
g3 Qb7 29. Qd2 Qb6 30. Qb4 Rxe5 31. fxe5 Rxe5 32. a4 Bg8 33. a5 Qd8 34. dxe5
Qxd1+ 35. Kg2 Qd5 36. Qe7+ 1/2-1/2